000 00838nam a2200253 a 4500
001 BRCA_5230
005 20190320205008.0
008 900809s1989 fr-a#####b---#000-0#fre-#
020 _a2736901703
041 _afre
044 _afr
050 4 _aNK3049.B3
_b.M87 1989
100 1 _aMusset, Lucien
_913392
245 1 0 _aLa tapisserie de Bayeux
_boeuvre d´art et document historique
_cLucien Musset.
260 _aSaint-Dié, Francia
_bZodiaque
_c1989
300 _a309 p.
_bil. (algunas a color)
_c22 cm.
440 0 _aIntroductions à la nuit des temps
_v2
_913393
500 _aDonación Dr. Héctor Rivero Borrell Vázquez
504 _aBibliografía: p. 309
650 1 4 _aHastings, Batalla de Inglaterra 1066
_eArte
_913394
651 4 _aGran Bretaña
_xHistoria
_yWilliam I., 1066-1087
_913395
902 _aDHR
942 _2lcc
_cB
999 _c4924
_d4924